Làm thế nào để trơ thành một nhân viên bán hàng xuất sắc
Nội dung sách gồm 7 phần: Phần 1: Những yêu cầu về tư cách khi nhận chức. Phần 2: Những kiến thức cần thiết để thu hút khách. Phần 3: Những kỹ năng cần thiết của việc bán hàng. Phần 4: Nghệ thuật ngôn từ trong kinh doanh. Phần 5: Nhữn...
Đã lưu trong:
| 主要作者: | |
|---|---|
| 格式: | 图书 |
| 语言: | Undetermined |
| 出版: |
Hà Nội
Lao động - Xã hội
2007
|
| 主题: | |
| 标签: |
添加标签
没有标签, 成为第一个标记此记录!
|
| Thư viện lưu trữ: | Trung tâm Học liệu Trường Đại học Cần Thơ |
|---|
| LEADER | 01215nam a2200217Ia 4500 | ||
|---|---|---|---|
| 001 | CTU_128663 | ||
| 008 | 210402s9999 xx 000 0 und d | ||
| 020 | |c 38000 | ||
| 082 | |a 658.85 | ||
| 082 | |b Y603 | ||
| 100 | |a Nguyễn, Hải Yến | ||
| 245 | 0 | |a Làm thế nào để trơ thành một nhân viên bán hàng xuất sắc | |
| 245 | 0 | |c Nguyễn Hải Yến (biên soạn) | |
| 260 | |a Hà Nội | ||
| 260 | |b Lao động - Xã hội | ||
| 260 | |c 2007 | ||
| 520 | |a Nội dung sách gồm 7 phần: Phần 1: Những yêu cầu về tư cách khi nhận chức. Phần 2: Những kiến thức cần thiết để thu hút khách. Phần 3: Những kỹ năng cần thiết của việc bán hàng. Phần 4: Nghệ thuật ngôn từ trong kinh doanh. Phần 5: Những tình huống thực tế trong bán hàng. Phần 6: Xử lý ý kiến của khách hàng. Phần 7: Quy trình nghề nghiệp của nhân viên bán hàng. | ||
| 650 | |a Marketing,Selling | ||
| 650 | |x Technique | ||
| 904 | |i Hiếu | ||
| 980 | |a Trung tâm Học liệu Trường Đại học Cần Thơ | ||